000 00347pab a2200121 454500
008 180718b xxu||||| |||| 00| 0 eng d
100 _aRoy, S.B
245 _aForest protection committes in West Bengal
650 _a Forest Protection Committees
650 _aForests - India - West Bengal
773 _aEconomic and Political Weekly
909 _a22187
999 _c22187
_d22187